| 000 | 01249nam0a22002891 4500 | ||
|---|---|---|---|
| 001 | v19\rc\1642981 | ||
| 005 | 20250619000648.0 | ||
| 035 | _a(NLR Aleph) 004755870 | ||
| 090 |
_a4559295 _c4559295 |
||
| 100 | _a20061002d1886 |||y0rusy50 ca | ||
| 101 | 0 | _arus | |
| 102 | _aRU | ||
| 105 | _ay z ||||b | ||
| 200 | 1 |
_aЖизнеописания св. Стефана, архиепископа Сурожского и св. мученицы Александры, царицы _fС предисл. С.А. Ляхницкого |
|
| 210 |
_aЧериков (Могилев. губ.) _cтип. Д.Н. Подземского _d1886 |
||
| 215 |
_a[1], 15 с. _d22 |
||
| 532 | 1 | 2 | _aЖизнеописания святого Стефана, архиепископа Сурожского и св. мученицы Александры, царицы |
| 702 | 0 |
_aСтефан Исповедник _cархиеп. Сурожский _f-ок. 742 _4570 |
|
| 702 | 0 |
_aАлександра Римская _cсв. мученица _f-303 _4570 |
|
| 702 | 1 |
_aЛяхницкий _bС.А. _4080 |
|
| 801 | 0 |
_aRU _bNLR _gpsbo |
|
| 801 | 0 |
_aRU _bRuMoRGB _2psbo |
|
| 801 | 1 |
_aRU _bProSoft-M _2rusmarc |
|
| 852 |
_aNLR _j18.209.3.286 |
||
| 899 | _aБАН | ||
| 942 | _cBOOK | ||
| 980 | _aNB | ||